000 01366 a2200313 4500
005 20260130085812.0
020 _a9789462655621
050 0 0 _aK3240
_bPUS 2023
100 1 _aPustorino, Pietro
_eauthor.
245 1 0 _aIntroduction to International human rights law /
_cPietro Pustorino
264 1 _aRome:
_bAsser Press,
_c2023
300 _a294 Pages
_billustrations ;
336 _atext
_btxt
_2rdacontent
337 _aunmediated
_bn
_2rdamedia
338 _avolume
_bnc
_2rdacarrier
504 _aIncludes bibliographical references and index.
520 8 _aIllustrating the scope of this fascinating and wide-reaching subject to the student, this clear and concise text gives a broad introduction to international human rights law. Coverage includes regional systems of protection, the role of the UN and a variety of substantive rights. The author skilfully guides students through the complexities of the subject, and then prepares them for further study and research.
650 0 _aHuman rights.
650 0 _aInternational law and human rights.
650 7 _aLaw.
650 7 _aHuman rights.
650 7 _aInternational law and human rights.
650 7 _aHuman rights.
650 7 _aManuals.
650 7 _aDroits de l'homme (droit international)
650 7 _aLaw.
942 _2lcc
_cBK
_h3240
_iPUS
_kK
999 _c11670
_d11670